La fe de la Iglesia Católica (Record no. 171921)

MARC details
000 -LEADER
campo de control de longitud fija 00780nam a2200217 i 4500
001 - NÚMERO DE CONTROL
campo de control 171921
003 - IDENTIFICADOR DE NÚMERO DE CONTROL
campo de control ES-MaACL
005 - FECHA Y HORA DE LA ÚLTIMA TRANSACCIÓN
campo de control 20250807235855.0
008 - DATOS DE LONGITUD FIJA--INFORMACIÓN GENERAL
campo de control de longitud fija 090608s1984 sp |||| | spa d
017 ## - NÚMERO DE COPYRIGHT O DE DEPÓSITO LEGAL
Número de copyright o de depósito legal M 20938-1984
020 ## - NÚMERO INTERNACIONAL ESTÁNDAR DEL LIBRO
Número Internacional Estándar del Libro 84-220-1115-8
100 0# - ENTRADA PRINCIPAL--NOMBRE DE PERSONA
Nombre de persona Collantes, Justo.
9 (RLIN) 39669
245 10 - MENCIÓN DEL TÍTULO
Título La fe de la Iglesia Católica
Resto del título : las ideas y los hombres en los documentos doctrinales del Magisterio /
Mención de responsabilidad, etc. por Justo Collantes.
250 ## - MENCION DE EDICION
Mención de edición 2ª ed.
260 ## - PUBLICACIÓN, DISTRIBUCIÓN, ETC.
Lugar de publicación, distribución, etc. Madrid :
Nombre del editor, distribuidor, etc. La Editorial Católica,
Fecha de publicación, distribución, etc. 1984.
300 ## - DESCRIPCIÓN FÍSICA
Extensión XXXV, 904 p. ;
Dimensiones 20 cm.
490 1# - MENCIÓN DE SERIE
Mención de serie Biblioteca de autores cristianos ;
Designación de volumen o secuencia 446.
Mención de serie Historia salutis
830 00 - PUNTO DE ACCESO ADICIONAL DE SERIE-TÍTULO UNIFORME
Título uniforme Biblioteca de autores cristianos.
Nombre de parte o sección de la obra Historia salutis
Designación de volumen o secuencia 446.
9 (RLIN) 178685
852 ## - LOCALIZACIÓN
Ubicación ES-MaACL
Número de control de estantería J-435
itemnumber R.46092
Holdings
Estatus retirado Estado de pérdida Estado de daño No para préstamo Biblioteca de origen Biblioteca actual Ubicación en estantería Fecha de adquisición Fuente de adquisición Total de préstamos Signatura topográfica completa Código de barras Visto por última vez Precio de reemplazo Tipo de ítem Koha
        Biblioteca del Ateneo de Madrid Biblioteca del Ateneo de Madrid Depósito 2 08/06/2009     J-435 1180426 23/02/2023 23/02/2023 Libro impreso